00458nam a2200157Ia 4500008004100000040001900041041001200060082002700072100002200099245005900121260002600180300002200206504002600228650002500254850002100279131103s9999 xx 000 0 und d aLoreto College aEnglish a372.21/GARbLCBED/1206 aGardner, D. E. M. aTesting results in the infant schoolcD. E. M. Gardner aLondonbMethuenc1942 aix,158p. c 19cm. aIncludes bibliography aElementary education aLCBED/372.21/GAR